000 00667nam a2200193 a 4500
003 DO-SdBNP
005 20220608101656.0
007 ta
008 220608b dr ab||gr|||| 00| 0bspa d
040 _aDO-SdBNP
_bspa
_cBNPHU
082 4 _222
_bF718c
100 1 _92384
_aForestieri Sanabia, Rolando
245 1 0 _aCooperación cultural y académica de Italia en República Dominicana:
_bmis vivencias. bicentenario del natalicio de Giuseppe Verdi (1813- 2013). /
260 _aSanto Domingo :
_bCasa de Italia,
_c[200?]
300 _a62 p. ;
_bil., mapas
_c22 cm.
500 _aIncluye datos biográficos del autor en p. 61- 62
910 _aMFeliz
942 _2ddc
_cLBS1
999 _c51958
_d51958